21st century Japanese management : (Record no. 711)
[ view plain ]
| 000 -LEADER | |
|---|---|
| fixed length control field | 00502nam a22001817a 4500 |
| 003 - CONTROL NUMBER IDENTIFIER | |
| control field | BD-DhUIB |
| 005 - DATE AND TIME OF LATEST TRANSACTION | |
| control field | 20260518191733.0 |
| 008 - FIXED-LENGTH DATA ELEMENTS--GENERAL INFORMATION | |
| fixed length control field | 260518b |||||||| |||| 00| 0 eng d |
| 020 ## - INTERNATIONAL STANDARD BOOK NUMBER | |
| International Standard Book Number | 9781403998767 |
| 040 ## - CATALOGING SOURCE | |
| Original cataloging agency | BD-DhUIB |
| Transcribing agency | BD-DhUIB |
| 082 ## - DEWEY DECIMAL CLASSIFICATION NUMBER | |
| Edition number | 22 |
| 100 ## - MAIN ENTRY--PERSONAL NAME | |
| Personal name | Abegglen, James C. |
| 9 (RLIN) | 1123 |
| 245 ## - TITLE STATEMENT | |
| Title | 21st century Japanese management : |
| Remainder of title | new systems lasting values/ |
| Statement of responsibility, etc. | by James c. Abegglen. |
| 260 ## - PUBLICATION, DISTRIBUTION, ETC. | |
| Place of publication, distribution, etc. | London. |
| Date of publication, distribution, etc. | c2006 |
| 300 ## - PHYSICAL DESCRIPTION | |
| Extent | ix, 194p. : |
| Other physical details | illus. ; |
| Dimensions | 22cm. |
| 526 ## - STUDY PROGRAM INFORMATION NOTE | |
| Program name | MBA |
| 942 ## - ADDED ENTRY ELEMENTS (KOHA) | |
| Source of classification or shelving scheme | Dewey Decimal Classification |
| Koha item type | Books |
| Withdrawn status | Lost status | Source of classification or shelving scheme | Damaged status | Not for loan | Collection code | Home library | Current library | Shelving location | Date acquired | Source of acquisition | Total Checkouts | Full call number | Barcode | Date last seen | Price effective from | Koha item type |
|---|---|---|---|---|---|---|---|---|---|---|---|---|---|---|---|---|
| Dewey Decimal Classification | Non-fiction | IBA Library | IBA Library | General Stacks | 05/12/2026 | Gift. | 658.00952 | 00051735 | 05/18/2026 | 05/18/2026 | Books |
